| 000 | 00892nam a22002532i 4500 | ||
|---|---|---|---|
| 001 | 27183 | ||
| 003 | BD-RjUL | ||
| 005 | 20211209051125.0 | ||
| 008 | 140324s1975 ii b 001 0 eng d | ||
| 035 | _a(BD-RjUL)27255 | ||
| 040 |
_aDLC _cDLC _dEQO _dBD-RjUL _beng |
||
| 041 | _aeng | ||
| 082 |
_a954.035 _bMIA 1975 |
||
| 100 | 1 |
_aMisra, Jagannath Prasad. _983443 |
|
| 245 | 1 | 4 |
_aThe administration of India under Lord Lansdowne, 1888-1894 / _cJ. P. Misra |
| 260 |
_aNew Delhi : _bSterling Publishers, _c1975. |
||
| 300 |
_aix, 260 p. ; _c22 cm |
||
| 500 | _aA revision of the author's thesis, University of Agra | ||
| 504 | _aIncludes Bibliography: p. [242]-248 and index. | ||
| 600 | 1 | 0 |
_aLansdowne, Henry Charles Keith Petty-FitzMaurice, _cMarquess of, _d1845-1927. _983455 |
| 651 | 0 |
_aIndia _xPolitics and government _y1857-1919 _983445 |
|
| 942 |
_2ddc _cBK |
||
| 999 |
_c27183 _d27183 |
||